000 00635nam a2200217Ia 4500
005 20250508153918.0
008 008 250505s9999 xx 000 0 eng d
037 _aTextual
040 _aFEDL
_beng
_cFEDL
041 _aeng
_2eng
084 _a338.9154, RAO
_qFEDL
100 _aV. K. R. V. Rao
245 0 _aForeign aid and India's economic development
245 0 _cInstitute of Economic Growth. Delhi
260 _aBombay, India
_bAsia Publishing House
_c1963
300 _a111p.
650 _aEconomics
700 _a Narain Dharm
_9764660
942 _cTEXL
_h338.9154, RAO
999 _c1346328
_d1346328